| 000 | 01851cam a2200481 a 4500 | ||
|---|---|---|---|
| 001 | otherguyblinkedh00enri | ||
| 003 | CaSfIA | ||
| 005 | 20210118195208.0 | ||
| 007 | cr|||| | ||
| 008 | 860627s1986 onc 001 0 eng | ||
| 010 | _a 86017485 | ||
| 040 |
_aDLC _cDLC _dNLGGC _dBTCTA _dYDXCP _dAU@ _dNIALS _dEDX _dCaSfIA |
||
| 020 | _a0553051776 | ||
| 020 | _a9780553051773 | ||
| 035 | _a(OCoLC)13860521 | ||
| 043 | _an-us--- | ||
| 050 | 0 | 0 |
_aHD9349.S634 _bP464 1986 |
| 082 | 0 | 0 |
_a338.7/66362/0973 _219 |
| 084 |
_a83.67 _2bcl |
||
| 100 | 1 | _aEnrico, Roger. | |
| 245 | 1 | 4 |
_aThe other guy blinked : _h[electronic resource] _bhow Pepsi won the cola wars / _cRoger Enrico and Jesse Kornbluth. |
| 260 |
_aTononto ; _aNew York : _bBantam, _c1986. |
||
| 300 |
_aviii, 280 p. ; _c24 cm. |
||
| 500 | _aIncludes index. | ||
| 610 | 2 | 0 | _aPepsi-Cola Company. |
| 610 | 2 | 0 | _aCoca-Cola Company. |
| 650 | 0 |
_aSoft drink industry _zUnited States. |
|
| 650 | 1 | 7 |
_aFrisdrankenindustrie. _2gtt |
| 650 | 1 | 7 |
_aConcurrentie. _2gtt |
| 650 | 1 | 7 |
_aPepsi Cola. _2gtt |
| 650 | 1 | 7 |
_aCoca-Cola Company. _2gtt |
| 700 | 1 | _aKornbluth, Jesse. | |
| 856 | 4 | 1 |
_uhttp://www.archive.org/details/otherguyblinkedh00enri _zFree eBook from the Internet Archive |
| 856 | 4 | 2 |
_uhttp://www.openlibrary.org/books/OL2723855M _zAdditional information and access via Open Library |
| 029 | 1 |
_aNLGGC _b863472583 |
|
| 029 | 1 |
_aNLGGC _b12770535X |
|
| 029 | 1 |
_aNZ1 _b5075683 |
|
| 029 | 1 |
_aAU@ _b000004757069 |
|
| 029 | 1 |
_aHEBIS _b114275092 |
|
| 942 | _cEB | ||
| 506 | _fНеобхідна авторизація на https://archive.org/ (створення облікового запису безкоштовно) | ||
| 506 | _fНеобхідна авторизація на https://openlibrary.org/ (створення облікового запису безкоштовно) | ||
| 999 |
_c533750 _d533750 |
||